| 000 | 00394cam a22001217a 4500 | ||
|---|---|---|---|
| 008 | 180718b xxu||||| |||| 00| 0 eng d | ||
| 082 | _aT19 Ec74/HARY | ||
| 100 | _aHaryana. Economic and Statistical Organisation. Planning Department | ||
| 245 | _aEconomic survey, Haryana | ||
| 260 |
_aChandigarh _bThe author _c |
||
| 500 | _aLibrary has 1990, 1992/93 | ||
| 650 | _aEconomic surveys - India - Haryana | ||
| 999 |
_c483240 _d483240 |
||